{"text_format":"2","workbook":"xlsx","n_sheets":1,"sheets":["Sheet"],"not_rendered":{"charts":0,"images":0,"macros":0,"external_links":0,"defined_names":1,"comments":0,"pivot_tables":0},"unopened":[],"bounds":{"document_bytes":16777216,"sheet_cells":100000,"run_cost":"one","rows_first":2000,"rows_last":500,"rows_between":2000,"halvings":0,"cell_chars":16384,"cell_head_chars":4096},"cells_cut":0,"cells_raw":0,"read":"whole","date_system":"1900"}

{"sheet":"Sheet","index":0,"n_rows":75,"n_cols":16,"rows_kept":75,"cut":false,"hidden":false,"merged":[]}
["Partener","Punct de lucru","Nr.","Tip","Data","Data scadenta","Agent","Depozit","Cod articol","Denumire","Cantitate","UM","Pret","Valoare","Valoare TVA","Total"]
["ATLAS DIGITAL SA","Sediu social","INV0001963","Factura cumparare UE","2023-07-06","2023-07-11","PAKAI ANDREI","","ROEQ-RF640","ROLAND RF-640 PRINTER 64″",2,"Buc",31752,63504,12065.76,63504]
["ATLAS DIGITAL SA","Sediu social","INV0001963","Factura cumparare UE","2023-07-06","2023-07-11","PAKAI ANDREI","","ROOP-TU-T1","ROLAND TAKE UP SYSTEM T1",1,"Buc",3704.4,3704.4,703.84,3704.4]
["ATLAS DIGITAL SA","Sediu social","INVDN40370","Factura cumparare UE","2023-07-07","2023-07-12","PAKAI ANDREI","","ROCAZEC-U5025-SET","ROLAND CUTTING BLADE ZEC-U5025 50°/0.25, 5pcs",1,"Buc",0,0,0,0]
["ATLAS DIGITAL SA","Sediu social","INVDN40371","Factura cumparare UE","2023-07-07","2023-07-12","PAKAI ANDREI","","23475206","ROLAND CABLE-CARD,21P1 330L BB",3,"Buc",20.97,62.9,11.94,62.9]
["ATLAS DIGITAL SA","Sediu social","INVDN40371","Factura cumparare UE","2023-07-07","2023-07-12","PAKAI ANDREI","","6701409010","ROLAND ASSY,HEAD INKJET VS-640",4,"Buc",7333.2,29332.799999999999,5573.23,29332.799999999999]
["ATLAS DIGITAL SA","Sediu social","INVDN40371","Factura cumparare UE","2023-07-07","2023-07-12","PAKAI ANDREI","","1000012719","ROLAND DAMPER,INK VS-640_1",20,"Buc",278.45999999999998,5569.2,1058.1500000000001,5569.2]
["ATLAS DIGITAL SA","Sediu social","INVDN40371","Factura cumparare UE","2023-07-07","2023-07-12","PAKAI ANDREI","","ROINESL4-4MG","ROLAND MAX2 ESL4-440 MG",4,"Buc",398.16,1592.64,302.60000000000002,1592.64]
["ATLAS DIGITAL SA","Sediu social","INVDN40371","Factura cumparare UE","2023-07-07","2023-07-12","PAKAI ANDREI","","ROINESL4-4CY","ROLAND MAX2 ESL4-440 CY",3,"Buc",398.16,1194.48,226.95,1194.48]
["ATLAS DIGITAL SA","Sediu social","INVDN40371","Factura cumparare UE","2023-07-07","2023-07-12","PAKAI ANDREI","","ROINESL4-4YE","ROLAND MAX2 ESL4-440 YE",1,"Buc",398.16,398.16,75.650000000000006,398.16]
["ATLAS DIGITAL SA","Sediu social","INVDN40371","Factura cumparare UE","2023-07-07","2023-07-12","PAKAI ANDREI","","ROCAXD-CH3","ROLAND XD-CH3",5,"Buc",241.92,1209.5999999999999,229.82,1209.5999999999999]
["ATLAS DIGITAL SA","Sediu social","CN00001049","Factura cumparare UE","2023-07-11","2023-07-16","PAKAI ANDREI","","1000012719","ROLAND DAMPER,INK VS-640_1",-8,"Buc",278.45999999999998,-2227.6799999999998,-423.26,-2227.6799999999998]
["ATLAS DIGITAL SA","Sediu social","INVDN40553","Factura cumparare UE","2023-07-14","2023-07-19","PAKAI ANDREI","","6000005213","ROLAND ASSY,HEAD INKJET SOL XC-540 SV2",1,"Buc",2273.04,2273.04,431.88,2273.04]
["ATLAS DIGITAL SA","Sediu social","INVDN40553","Factura cumparare UE","2023-07-14","2023-07-19","PAKAI ANDREI","","ROINESL3-4BK","ROLAND ESL3-440 BK",3,"Buc",398.16,1194.48,226.95,1194.48]
["ATLAS DIGITAL SA","Sediu social","INVDN40553","Factura cumparare UE","2023-07-14","2023-07-19","PAKAI ANDREI","","ROINEUV-PR","ROLAND EUV PR",2,"Buc",332.64,665.28,126.4,665.28]
["ATLAS DIGITAL SA","Sediu social","INVDN40553","Factura cumparare UE","2023-07-14","2023-07-19","PAKAI ANDREI","","1000006517","ROLAND WIPER,HEAD VS-640/XR-640",10,"Buc",78.62,786.24,149.38999999999999,786.24]
["ATLAS DIGITAL SA","Sediu social","INVDN40553","Factura cumparare UE","2023-07-14","2023-07-19","PAKAI ANDREI","","1000006736","ROLAND WIPER,HEAD FELT VS-640",10,"Buc",45.86,458.64,87.14,458.64]
["ATLAS DIGITAL SA","Sediu social","INVDN40553","Factura cumparare UE","2023-07-14","2023-07-19","PAKAI ANDREI","","23475207","ROLAND CABLE-CARD,15P1 1900L BB SP-300",1,"Buc",88.45,88.45,16.78,88.45]
["ATLAS DIGITAL SA","Sediu social","INVDN40553","Factura cumparare UE","2023-07-14","2023-07-19","PAKAI ANDREI","","ROINEUV5-5BK","ROLAND EUV5 INK BK 500cc",1,"Buc",453.6,453.6,86.18,453.6]
["ATLAS DIGITAL SA","Sediu social","INVDN40553","Factura cumparare UE","2023-07-14","2023-07-19","PAKAI ANDREI","","ROINEUV5-WH","ROLAND EUV5 INK WH 220cc",1,"Buc",231.84,231.84,44.05,231.84]
["ATLAS DIGITAL SA","Sediu social","INVDN40553","Factura cumparare UE","2023-07-14","2023-07-19","PAKAI ANDREI","","ROINEUV5-5OR","ROLAND EUV5 INK OR 500cc",1,"Buc",478.8,478.8,90.97,478.8]
["ATLAS DIGITAL SA","Sediu social","INVDN40553","Factura cumparare UE","2023-07-14","2023-07-19","PAKAI ANDREI","","ROINEUV5-5RE","ROLAND EUV5 INK RE 500cc",1,"Buc",478.8,478.8,90.97,478.8]
["ATLAS DIGITAL SA","Sediu social","INVDN40553","Factura cumparare UE","2023-07-14","2023-07-19","PAKAI ANDREI","","1000009651","ROLAND GUIDE,CABLE FLEX-CUT XR-640",4,"Buc",14.06,56.25,10.68,56.25]
["ATLAS DIGITAL SA","Sediu social","INVDN40553","Factura cumparare UE","2023-07-14","2023-07-19","PAKAI ANDREI","","1000012719","ROLAND DAMPER,INK VS-640_1",10,"Buc",278.45999999999998,2784.6,529.1,2784.6]
["ATLAS DIGITAL SA","Sediu social","INVDN40553","Factura cumparare UE","2023-07-14","2023-07-19","PAKAI ANDREI","","ROINESL4-4YE","ROLAND MAX2 ESL4-440 YE",2,"Buc",398.16,796.32,151.30000000000001,796.32]
["ATLAS DIGITAL SA","Sediu social","INVDN40553","Factura cumparare UE","2023-07-14","2023-07-19","PAKAI ANDREI","","ROINTR2-CL2","ROLAND TR2 CLEANING LIQUID_2 500cc",2,"Buc",226.8,453.6,86.18,453.6]
["ATLAS DIGITAL SA","Sediu social","INVDN40553","Factura cumparare UE","2023-07-14","2023-07-19","PAKAI ANDREI","","ROINTE2-5MG","ROLAND TE2 INK MG 500cc",2,"Buc",206.64,413.28,78.52,413.28]
["ATLAS DIGITAL SA","Sediu social","INVDN40553","Factura cumparare UE","2023-07-14","2023-07-19","PAKAI ANDREI","","ROCAZEC-U5022-SET","ROLAND CUTTING BLADE ZEC-U5022 55°/0.25, 2pcs",6,"Buc",167.08,1002.46,190.46,1002.46]
["ATLAS DIGITAL SA","Sediu social","INVDN40553","Factura cumparare UE","2023-07-14","2023-07-19","PAKAI ANDREI","","1000022529","ROLAND FRAME,PINCH ROLL SG-540",4,"Buc",20.97,83.87,15.93,83.87]
["ATLAS DIGITAL SA","Sediu social","INVDN40553","Factura cumparare UE","2023-07-14","2023-07-19","PAKAI ANDREI","","23475232","ROLAND CABLE-CARD,21P1 385L BB HIGH-V",1,"Buc",88.45,88.45,16.78,88.45]
["ATLAS DIGITAL SA","Sediu social","INVDN40825","Factura cumparare UE","2023-07-26","2023-07-31","PAKAI ANDREI","","ROINSBL3-CY","ROLAND TEXART INK 1L CY",2,"Buc",285,570,108.3,570]
["ATLAS DIGITAL SA","Sediu social","INVDN40825","Factura cumparare UE","2023-07-26","2023-07-31","PAKAI ANDREI","","ROINSBL3-MG","ROLAND TEXART INK 1L MG",2,"Buc",285,570,108.3,570]
["ATLAS DIGITAL SA","Sediu social","INVDN40825","Factura cumparare UE","2023-07-26","2023-07-31","PAKAI ANDREI","","ROINSBL3-YE","ROLAND TEXART INK 1L YE",2,"Buc",285,570,108.3,570]
["ATLAS DIGITAL SA","Sediu social","INVDN40825","Factura cumparare UE","2023-07-26","2023-07-31","PAKAI ANDREI","","ROINSBL3-BK","ROLAND TEXART INK 1L BK",2,"Buc",285,570,108.3,570]
["ATLAS DIGITAL SA","Sediu social","INVDN40825","Factura cumparare UE","2023-07-26","2023-07-31","PAKAI ANDREI","","ROINESL4-4MG","ROLAND MAX2 ESL4-440 MG",6,"Buc",395,2370,450.3,2370]
["ATLAS DIGITAL SA","Sediu social","INVDN40825","Factura cumparare UE","2023-07-26","2023-07-31","PAKAI ANDREI","","ROINESL4-4LM","ROLAND MAX2 ESL4-440 LM",4,"Buc",395,1580,300.2,1580]
["ATLAS DIGITAL SA","Sediu social","INVDN40825","Factura cumparare UE","2023-07-26","2023-07-31","PAKAI ANDREI","","ROINESL4-4LC","ROLAND MAX2 ESL4-440 LC",3,"Buc",395,1185,225.15,1185]
["ATLAS DIGITAL SA","Sediu social","INVDN40825","Factura cumparare UE","2023-07-26","2023-07-31","PAKAI ANDREI","","ROINESL4-4CY","ROLAND MAX2 ESL4-440 CY",4,"Buc",395,1580,300.2,1580]
["ATLAS DIGITAL SA","Sediu social","INVDN40825","Factura cumparare UE","2023-07-26","2023-07-31","PAKAI ANDREI","","ROINESL4-4BK","ROLAND MAX2 ESL4-440 BK",3,"Buc",395,1185,225.15,1185]
["ATLAS DIGITAL SA","Sediu social","INVDN40825","Factura cumparare UE","2023-07-26","2023-07-31","PAKAI ANDREI","","ROINTE2-5MG","ROLAND TE2 INK MG 500cc",10,"Buc",205,2050,389.5,2050]
["ATLAS DIGITAL SA","Sediu social","INVDN40825","Factura cumparare UE","2023-07-26","2023-07-31","PAKAI ANDREI","","ROINTE2-5CY","ROLAND TE2 INK CY 500cc",10,"Buc",205,2050,389.5,2050]
["ATLAS DIGITAL SA","Sediu social","INVDN40825","Factura cumparare UE","2023-07-26","2023-07-31","PAKAI ANDREI","","ROINESL4-4YE","ROLAND MAX2 ESL4-440 YE",2,"Buc",395,790,150.1,790]
["ATLAS DIGITAL SA","Sediu social","INVDN40825","Factura cumparare UE","2023-07-26","2023-07-31","PAKAI ANDREI","","6701409200","ROLAND ASSY,CAP-TOP VS-640_01",10,"Buc",227.5,2275,432.25,2275]
["ATLAS DIGITAL SA","Sediu social","INVDN40825","Factura cumparare UE","2023-07-26","2023-07-31","PAKAI ANDREI","","1000015036","ROLAND WIPER,HEAD FOR UV INK",10,"Buc",48.75,487.5,92.65,487.5]
["ATLAS DIGITAL SA","Sediu social","INVDN40825","Factura cumparare UE","2023-07-26","2023-07-31","PAKAI ANDREI","","1000004546","ROLAND ASSY,CAP-TOP 2 XC-540 (UV ink)",10,"Buc",136.5,1365,259.35000000000002,1365]
["ATLAS DIGITAL SA","Sediu social","INVDN40825","Factura cumparare UE","2023-07-26","2023-07-31","PAKAI ANDREI","","ROINCMR-747","ROLAND UV PRIMER GLASS CMR-747 (1000 ml)",3,"Buc",210,630,119.7,630]
["ATLAS DIGITAL SA","Sediu social","INVDN40825","Factura cumparare UE","2023-07-26","2023-07-31","PAKAI ANDREI","","1000022932","ROLAND P-ROLLER,TD16S4(B10) TYPE2-2 (EXT)",10,"Buc",136.5,1365,259.35000000000002,1365]
["ATLAS DIGITAL SA","Sediu social","INVDN40825","Factura cumparare UE","2023-07-26","2023-07-31","PAKAI ANDREI","","ROCAZEC-U3100-SET","ROLAND CUTTING BLADE ZEC-U3100 32°/1.00, 5pcs",1,"Buc",614.25,614.25,116.7,614.25]
["ATLAS DIGITAL SA","Sediu social","INVDN40825","Factura cumparare UE","2023-07-26","2023-07-31","PAKAI ANDREI","","6000005213","ROLAND ASSY,HEAD INKJET SOL XC-540 SV2",2,"Buc",2255,4510,856.9,4510]
["BROTHER INT INDUSTRIEMASCHINEN GMBH","Sediu social","BR3140178900","Factura cumparare UE","2023-07-03","2023-07-08","PAKAI ANDREI","","BGC3000M3811002","BROTHER GT-3 INK MAGENTA 380cc",2,"Buc",625.70000000000005,1251.3900000000001,237.75,1251.3900000000001]
["BROTHER INT INDUSTRIEMASCHINEN GMBH","Sediu social","BR3140178900","Factura cumparare UE","2023-07-03","2023-07-08","PAKAI ANDREI","","SB6673101O","BROTHER WIPER CLEANER - 2pcs (GTX/PRO)",7,"Buc",74.239999999999995,519.65,98.73,519.65]
["BROTHER INT INDUSTRIEMASCHINEN GMBH","Sediu social","BR3140178900","Factura cumparare UE","2023-07-03","2023-07-08","PAKAI ANDREI","","SB7006001","BROTHER FLUSHING FOAM SET (GTX)",4,"Buc",74.239999999999995,296.94,56.41,296.94]
["BROTHER INT INDUSTRIEMASCHINEN GMBH","Sediu social","BR3140178900","Factura cumparare UE","2023-07-03","2023-07-08","PAKAI ANDREI","","BGCX40P020K0032","BROTHER GTX PRE-TREATMENT 20Kg (17,5 Lt)",2,"Buc",2116.96,4233.92,804.47,4233.92]
["BROTHER INT INDUSTRIEMASCHINEN GMBH","Sediu social","BR3140178900","Factura cumparare UE","2023-07-03","2023-07-08","PAKAI ANDREI","","BGCX60W018L0032","BROTHER GCX-6W18L WHITE 18L (GTX6)",1,"Buc",8650.65,8650.65,1643.62,8650.65]
["BROTHER INT INDUSTRIEMASCHINEN GMBH","Sediu social","BR3140178900","Factura cumparare UE","2023-07-03","2023-07-08","PAKAI ANDREI","","BGCX40W020K0032","BROTHER GTX INK 18L WHITE (GTX BULK)",1,"Buc",8650.65,8650.65,1643.62,8650.65]
["BROTHER INT INDUSTRIEMASCHINEN GMBH","Sediu social","BR3140178900","Factura cumparare UE","2023-07-03","2023-07-08","PAKAI ANDREI","","BGCX40E002K0052","BROTHER GTX GCX-4E02 CLEANING SOL. 1.8L",12,"Buc",193.62,2323.4,441.47,2323.4]
["BROTHER INT INDUSTRIEMASCHINEN GMBH","Sediu social","BR3140179004","Factura cumparare UE","2023-07-06","2023-07-11","PAKAI ANDREI","","SB6673101O","BROTHER WIPER CLEANER - 2pcs (GTX/PRO)",1,"Buc",74.09,74.09,14.06,74.09]
["BROTHER INT INDUSTRIEMASCHINEN GMBH","Sediu social","BR3140179004","Factura cumparare UE","2023-07-06","2023-07-11","PAKAI ANDREI","","SB5983001","BROTHER TRANSFOMER 240V-15V",2,"Buc",37.6,75.2,14.26,75.2]
["BROTHER INT INDUSTRIEMASCHINEN GMBH","Sediu social","BR3140179114","Factura cumparare UE","2023-07-10","2023-07-15","PAKAI ANDREI","","BGC3000W3811022","BROTHER GT-3 INK WHITE 380cc (2 pcs)",5,"Buc",1048.32,5241.6000000000004,995.9,5241.6000000000004]
["BROTHER INT INDUSTRIEMASCHINEN GMBH","Sediu social","BR3140179114","Factura cumparare UE","2023-07-10","2023-07-15","PAKAI ANDREI","","BGC300AP2010002","BROTHER GT-3 PRE-TREATMENT 20Kg (16 Lt)",1,"Buc",2358.7199999999998,2358.7199999999998,448.16,2358.7199999999998]
["BROTHER INT INDUSTRIEMASCHINEN GMBH","Sediu social","BR3140179114","Factura cumparare UE","2023-07-10","2023-07-15","PAKAI ANDREI","","BGCX60E018L0032","BROTHER GCX-6E18L CLEANING SOLUTION 18L (GTX6)",1,"Buc",1568.7,1568.7,298.07,1568.7]
["BROTHER INT INDUSTRIEMASCHINEN GMBH","Sediu social","BR3140179303","Factura cumparare UE","2023-07-19","2023-07-24","PAKAI ANDREI","","BGCX40W07000022","BROTHER GTX INK WHITE 700cc (2 pcs)",30,"Buc",1229.45,36883.449999999997,7007.87,36883.449999999997]
["BROTHER INT INDUSTRIEMASCHINEN GMBH","Sediu social","BR3140179303","Factura cumparare UE","2023-07-19","2023-07-24","PAKAI ANDREI","","BGC3000W3811022","BROTHER GT-3 INK WHITE 380cc (2 pcs)",5,"Buc",1044.1600000000001,5220.8,991.95,5220.8]
["BROTHER INT INDUSTRIEMASCHINEN GMBH","Sediu social","BR3140179303","Factura cumparare UE","2023-07-19","2023-07-24","PAKAI ANDREI","","BGCX40P020K0032","BROTHER GTX PRE-TREATMENT 20Kg (17,5 Lt)",5,"Buc",2104.38,10521.92,1999.16,10521.92]
["BROTHER INT INDUSTRIEMASCHINEN GMBH","Sediu social","BR3140179303","Factura cumparare UE","2023-07-19","2023-07-24","PAKAI ANDREI","","BGCX40E005K0042","BROTHER GTX GCX-4E05 CLEANING SOL. 5L",8,"Buc",534.63,4277.04,812.64,4277.04]
["BROTHER INT INDUSTRIEMASCHINEN GMBH","Sediu social","BR3140179303","Factura cumparare UE","2023-07-19","2023-07-24","PAKAI ANDREI","","BGCX40K07000112","BROTHER GTX INK BLACK 700cc",12,"Buc",734.43,8813.11,1674.47,8813.11]
["BROTHER INT INDUSTRIEMASCHINEN GMBH","Sediu social","BR3140179303","Factura cumparare UE","2023-07-19","2023-07-24","PAKAI ANDREI","","BGC3000Y3810002","BROTHER GT-3 INK YELLOW 380cc",2,"Buc",621.98,1243.96,236.34,1243.96]
["BROTHER INT INDUSTRIEMASCHINEN GMBH","Sediu social","BR3140179303","Factura cumparare UE","2023-07-19","2023-07-24","PAKAI ANDREI","","BGC3000C3811002","BROTHER GT-3 INK CYAN 380cc",2,"Buc",621.98,1243.96,236.34,1243.96]
["BROTHER INT INDUSTRIEMASCHINEN GMBH","Sediu social","BR3140179303","Factura cumparare UE","2023-07-19","2023-07-24","PAKAI ANDREI","","BGC3000M3811002","BROTHER GT-3 INK MAGENTA 380cc",1,"Buc",621.98,621.98,118.17,621.98]
["BROTHER INT INDUSTRIEMASCHINEN GMBH","Sediu social","BR3140179303","Factura cumparare UE","2023-07-19","2023-07-24","PAKAI ANDREI","","SB7007001","BROTHER FAN FILTER SET (GTX)",20,"Buc",14.06,281.12,53.41,281.12]
["BROTHER INT INDUSTRIEMASCHINEN GMBH","Sediu social","BR3140179303","Factura cumparare UE","2023-07-19","2023-07-24","PAKAI ANDREI","","BGCX40W020K0032","BROTHER GTX INK 18L WHITE (GTX BULK)",1,"Buc",8599.26,8599.26,1633.86,8599.26]
["BROTHER INT INDUSTRIEMASCHINEN GMBH","Sediu social","BR3140179303","Factura cumparare UE","2023-07-19","2023-07-24","PAKAI ANDREI","","BGCX40M07000112","BROTHER GTX INK MAGENTA 700cc",12,"Buc",734.43,8813.11,1674.47,8813.11]
["IVERSEN GRAPHIC S.L.U.","Sediu social","20230523","Factura cumparare UE","2023-07-13","2023-07-13","","","IG-DTF2SRA3","IG DTF FILM D-LUX PRO, 320x450 (250 SHEETS)",12,"Buc",356.78,4281.38,813.46,4281.38]
["STAHLS EUROPE GMBH","Sediu social","ST0400090","Factura cumparare UE","2023-07-05","2023-07-05","PAKAI ANDREI","","STL-N-1-1068","ST SP,HEAT PLATEN WIRE SET",1,"Buc",38.909999999999997,38.909999999999997,7.41,38.909999999999997]
["STAHLS EUROPE GMBH","Sediu social","ST0400090","Factura cumparare UE","2023-07-05","2023-07-05","PAKAI ANDREI","","STL-123450","ST SP,HEAT SHRINKABLE TUBE",6,"Buc",5.04,30.24,5.75,30.24]